Central Library OPAC University of Rajshahi

A passage to England / (Record no. 23898)

MARC details
000 -LEADER
fixed length control field 00766nam a22002651 4500
001 - CONTROL NUMBER
control field 23898
003 - CONTROL NUMBER IDENTIFIER
rucl marc code BD-RjUL
005 - DATE AND TIME OF LATEST TRANSACTION
control field 20211209001002.0
008 - FIXED-LENGTH DATA ELEMENTS--GENERAL INFORMATION
fixed length control field 140312s19661959nyu 000 0 eng
035 ## - SYSTEM CONTROL NUMBER
System control number (BD-RjUL)23963
System control number (OCoLC)1028344
040 ## - CATALOGING SOURCE
Original cataloging agency DLC
Transcribing agency TxU-Da
Modifying agency Uk
-- DLC
-- BD-RjUL
Language of cataloging eng
041 ## - LANGUAGE CODE
Language code of text/sound track or separate title eng
082 ## - DEWEY DECIMAL CLASSIFICATION NUMBER
Classification number 914.2
Author mark and year CHP 1966
100 1# - MAIN ENTRY--PERSONAL NAME
Personal name Chaudhuri, Nirad C.,
Dates associated with a name 1897-1999.
9 (RLIN) 73581
245 12 - TITLE STATEMENT
Title A passage to England /
Statement of responsibility, etc. Nirad C Chaudhuri
250 ## - EDITION STATEMENT
Edition statement 1st ed.
260 ## - PUBLICATION, DISTRIBUTION, ETC. (IMPRINT)
Place of publication, distribution, etc. New York :
Name of publisher, distributor, etc. St. Martin's Press,
Date of publication, distribution, etc. c1959 [Reprinted 1966].
300 ## - PHYSICAL DESCRIPTION
Pagination viii, 229 p. ;
Size 23 cm.
650 #0 - SUBJECT ADDED ENTRY--TOPICAL TERM
Topical term or geographic name as entry element Civilization, Western.
9 (RLIN) 73582
651 #0 - SUBJECT ADDED ENTRY--GEOGRAPHIC NAME
Geographic name Great Britain
General subdivision Civilization.
9 (RLIN) 73583
942 ## - ADDED ENTRY ELEMENTS (KOHA)
Source of classification or shelving scheme Dewey Decimal Classification
Koha item type Books
Holdings
Lost status Source of classification or shelving scheme Damaged status Not for loan Collection code Permanent Location Current Location Shelving location Date acquired Source of acquisition Cost, normal purchase price Total Checkouts Full call number Date last seen Copy number Koha item type Date checked out
  Dewey Decimal Classification   Added to bundle Non-fiction Central Library, University of Rajshahi Central Library, University of Rajshahi Reading Room 21/09/1968 Zitlinger 12.60   914.2 CHP 1966 12/03/2014 C-1 Books  
  Dewey Decimal Classification     Non-fiction Central Library, University of Rajshahi Central Library, University of Rajshahi   20/03/1968 Paramount Book Corp. 13.50   914.2 CHP 1960 12/03/2014 C-2 Books  
  Dewey Decimal Classification     Non-fiction Central Library, University of Rajshahi Central Library, University of Rajshahi   27/05/1964 Thomas & thomas korachi 16.20 1 914.2 CHP 1966 01/03/2020 C-3 Books 12/02/2020